Andaman Nicobar Islands Cradle of Multi-Disasters/ (Record no. 173961)

MARC details
000 -LEADER
fixed length control field 00650nam a22001937a 4500
005 - DATE AND TIME OF LATEST TRANSACTION
control field 20200313124817.0
010 ## - LCCN (DPL NO)
LC control number ENG-128021
020 ## - INTERNATIONAL STANDARD BOOK NUMBER
International Standard Book Number 9789389146554
Terms of availability 350.00
035 ## - SYSTEM CONTROL NUMBER
System control number EN-111553
037 ## - SOURCE OF ACQUISITION
Source of stock number/acquisition DBAD/PUB
082 ## - DEWEY DECIMAL CLASSIFICATION NUMBER
Classification number 363.34
100 ## - MAIN ENTRY--PERSONAL NAME
Personal name V. Shiv Shankar
245 ## - TITLE STATEMENT
Title Andaman Nicobar Islands Cradle of Multi-Disasters/
Statement of responsibility, etc by V. Shiv Shankar
260 ## - PUBLICATION, DISTRIBUTION, ETC. (IMPRINT)
Place of publication, distribution, etc Madurai
Name of publisher, distributor, etc Shanlax Publications
Date of publication, distribution, etc 2019
270 ## - ADDRESS
Address 61,66 T.P.K. Main Road, Vasantha Nagar
City Madurai
Postal code 625003
Telephone number 0452-4208765
Electronic mail address publisher@shanlaxpublications.com
300 ## - PHYSICAL DESCRIPTION
Extent 139p.
Dimensions 22cm (pbk)
500 ## - GENERAL NOTE
General note Includes Bibliographies
942 ## - ADDED ENTRY ELEMENTS (KOHA)
Source of classification or shelving scheme Dewey Decimal Classification
Item type English Books
Classification part 363.34
Call number suffix SHI
Holdings
Withdrawn status Lost status Not for loan Collection code Home library Current library Date acquired Source of acquisition Cost, normal purchase price Full call number Barcode Copy number Cost, replacement price Koha item type
      Non-fiction Central Library Central Library 13/03/2020 DBAD/PUB 350.00 363.34 SHI EN-111553 1 350.00 English Books

© Delhi Public Library
Hit Counter
free hit counter